000 00435nam a22001577a 4500
020 _a9783642116117
082 _a621.38807 FIS
100 _aFischer, Walter
245 _aDigital video and audio broadcasting technology a practical engineering guide
250 _a3rd ed.
260 _aNew York
_bSpringer
_c2010
300 _a811p. :
_e25 cm
650 _aDigital communications--Standards
700 _aWalter Fischer
942 _cBK
999 _c11650
_d11650